00442nam a2200157Ia 45000010006000000050017000060080041000230410008000640820015000721000026000872450117001132600009002303000029002396500008002686540008002761805620260306171602.0260306s9999||||xx |||||||||||||| ||und|| aESP a658.4bH22 aHargrove, RoberteAUT 0aYour coach (in a book):bmastering the trickiest leardership, business, and career challenges You will ever face c2004 axviii, 254 páginas :c aGEN aCAN